Clubes participantes en la Copa Mundial de Clubes 2025 - Click Map - Estadísticas

Estadísticas generales
  • Esta prueba ha sido intentada 74 veces
  • La puntuación promedio es 18 de 29
Respuestas en el mapa
Las respuestas están codificadas por una escala verde-roja en el mapa de la prueba según el % correcto abajo.
 
Estadísticas de respuestas
Respuesta % Correcto
Paris SG
85%
Real Madrid | Atletico de Madrid
76%
River Plate | Boca Junior
76%
Los Angeles FC
72%
Manchester City
72%
RB Salzbourg
72%
Inter Miami CF
70%
Juventus Turín
70%
Seattle Sounders
70%
Al Ahly SC
67%
Bayern de Múnich
67%
CF Monterrey
67%
Urawa Red Diamonds
67%
Chelsea FC
65%
ES Tunis
65%
Mamelodi Sundowns FC
65%
Auckland City
63%
Benfica
63%
Al-Aïn
61%
Inter de Milán
61%
Al-Hilal FC
59%
Borussia Dortmund
59%
SE Palmeiras | CR Flamengo | Fluminense FC
59%
Ulsan HD
59%
Wydad AC
59%
FC Porto
57%
CF Pachuca
50%
SE Palmeiras
35%
Botafogo FR
33%
No se encontraron pruebas coincidentes
Distribución de puntuación
Porcentaje de gente con cada puntuación
Porcentaje por número respondido
Historial de tus puntuaciones
No has intentado esta prueba.